书目信息 |
| 题名: |
毛泽东三兄弟
|
|
| 作者: | 邸延生 , 邸江枫 著 | |
| 分册: | ||
| 出版信息: | 北京 人民日报出版社 2013.01 |
|
| 页数: | 370页 | |
| 开本: | 24cm | |
| 丛书名: | ||
| 单 册: | ||
| 中图分类: | A752 , K827=6 | |
| 科图分类: | ||
| 主题词: | ||
| 电子资源: | ||
| ISBN: | 978-7-5115-1330-4 | |
| 000 | 01076nam0 2200325 450 | |
| 001 | 012013033412 | |
| 005 | 20130608172022.00 | |
| 010 | @a978-7-5115-1330-4@dCNY48.00 | |
| 100 | @a20130327d2013 em y0chiy50 ea | |
| 101 | 0 | @achi |
| 102 | @aCN@b110000 | |
| 105 | @aa z 000yc | |
| 106 | @ar | |
| 200 | 1 | @a毛泽东三兄弟@9mao ze dong san xiong di@f邸延生,邸江枫著 |
| 210 | @a北京@c人民日报出版社@d2013.01 | |
| 215 | @a370页@c图@d24cm | |
| 330 | @a本书内容包括韶山冲的叛逆英雄、三兄弟走出韶山冲、武昌城下兄弟聚首、郁郁葱葱井冈山、毛泽东重返红四军、毛泽覃瑞金牺牲、江青找毛泽东“请教”问题等。 | |
| 333 | @a政治人物研究 | |
| 600 | 0 | @a毛泽东@f(1893-1976)@x生平事迹 |
| 600 | 0 | @a毛泽民@f(1896-1943)@x生平事迹 |
| 600 | 0 | @a毛泽潭@f(1905-1935)@x生平事迹 |
| 600 | 0 | @a毛泽东@f(1893-1976) |
| 600 | 0 | @a毛泽民@f(1896-1943) |
| 600 | 0 | @a毛泽潭@f(1905-1935) |
| 690 | @aA752@v5 | |
| 690 | @aK827=6@v5 | |
| 701 | 0 | @a邸延生@9di yan sheng@f(1948-)@4著 |
| 701 | 0 | @a邸江枫@9di jiang feng@f(1975-)@4著 |
| 801 | 0 | @aCN@b人天书店@c20130327 |
| 905 | @dA752@e215 | |
| 毛泽东三兄弟/邸延生,邸江枫著.-北京:人民日报出版社,2013.01 |
| 370页:图;24cm |
| 使用对象:政治人物研究 |
| ISBN 978-7-5115-1330-4:CNY48.00 |
| 本书内容包括韶山冲的叛逆英雄、三兄弟走出韶山冲、武昌城下兄弟聚首、郁郁葱葱井冈山、毛泽东重返红四军、毛泽覃瑞金牺牲、江青找毛泽东“请教”问题等。 |
| ● |
| 相关链接 |
|
|
|
|
正题名:毛泽东三兄弟
索取号:A752/215
 
预约/预借
| 序号 | 登录号 | 条形码 | 馆藏地/架位号 | 状态 | 备注 |
| 1 | 0545847 | 205458477 | 第一样本阅览室/ [索取号:A752/215] | 在馆 | |
| 2 | 0545848 | 205458486 | 第一借阅区/ [索取号:A752/215] | 在馆 | |
| 3 | 0545849 | 205458495 | 第一借阅区/ [索取号:A752/215] | 在馆 | |
| 4 | 0545850 | 205458501 | 第一借阅区/ [索取号:A752/215] | 在馆 | |
| 5 | 0545851 | 205458510 | 第一借阅区/ [索取号:A752/215] | 在馆 |